| 000 | 01456naa a22003377a 4500 | ||
|---|---|---|---|
| 001 | BR8801693 | ||
| 003 | BR-BrBNA | ||
| 005 | 20240918175955.0 | ||
| 007 | ta | ||
| 008 | 230509b bl.||||| |||| 00| 0 por d | ||
| 040 |
_aBR-BrBNA _bpor _cBiblioteca Nacional de Agricultura |
||
| 041 | _a(Pt) | ||
| 072 | _aP10; P33 | ||
| 090 | _aP10 BR8801693 | ||
| 100 | 1 | _aReichardt, K. | |
| 111 | 1 |
_aSimposio sobre o Manejo de Agua na Agricultura _cCampinas, SP (Brazil) _d17-19 Mar 1987 |
|
| 245 | 1 | _aParametros do solo que influenciam o manejo de agua | |
| 246 | 1 | _a[Soil paramethers and its' influence in water management] | |
| 246 | 1 | _a[Reunion about Water Management in the Agriculture. Allegiance to the 100th years of the Agronomical Institute CPA/SAA/SP] | |
| 260 | 3 |
_aCampinas, SP (Brasil): _bGlauco Pinto Viegas, _c1987. |
|
| 500 | _aSimposio sobre o Manejo de Agua na Agricultura. Homenagem aos 100 anos do Instituto Agronomico CPA/SAA/SP Campinas, SP (Brasil): Glauco Pinto Viegas, 1987. p. 3-13 (BR8801693-AM)P10 | ||
| 650 | _aMANEJO DE AGUA | ||
| 650 | _aSOLO | ||
| 650 | _aCONDUTIVIDADE HIDRAULICA | ||
| 650 | _aCOMPACTACAO DO SOLO | ||
| 650 | _aFISICA DO SOLO | ||
| 650 | _aQUIMICA DO SOLO | ||
| 773 | 0 |
_tSimposio sobre o Manejo de Agua na Agricultura. Homenagem aos 100 anos do Instituto Agronomico CPA/SAA/SP _wP10 BR8801693 _gCampinas, SP (Brasil), 1987. p. 3-13 |
|
| 909 |
_a202404 _bLucia _c55 _dLucia Elande |
||
| 942 |
_cAM _2AGRIS |
||
| 999 |
_c319062 _d319062 |
||